00757nam a2200181 a 450000100100000000500170001000800410002704000250006808200160009310000260010924500790013526000490021430000240026359000760028704900090036395201860037299900170055800003497720200930074026.0111024s1965 it 000 0 spa d aDO-SdBNPbspacBNPHU axxxxbB851h1 aBridges, J. K.96057610aHistoria de las comunicaciones : transportes terrestres. /cJ. K. Brigges. aPamplona, Italia :bSalvat Ediciones,c1965. a72 p. :bil., retr. aPerteneció a la biblioteca personal de Juan Isidro Jimenes Grullón. aBNGR 001050718MOaGRbGRcCTd2011-10-24iLF1l0oxxxx B851hp34977-10r2020-06-25w2020-06-25y1zPerteneció a la biblioteca personal de Aída Cartagena PortalatínZNo se presta c34468d34468